LDR 01048nam a2200217 i 4500 001 000000085591 003 CaOOAMICUS 005 20260326140757.0 008 180215s1909 xx u000 u lat u 013 $a57831 040 $aSeMil$bita 245 10$aIn Epistolas ad Romanos et 1. ad Corinthios. 300 $aXV, 565 p. 650 4$aBibbia. Nuovo Testamento. Lettera ai Romani - Commentari, studi, critica, interpretazioni.$0(OLS)http://semarc/subject/31 650 4$aBibbia. Nuovo Testamento. Lettera ai Corinzi. 1. - Commentari, studi, critica, interpretazioni.$0(OLS)http://semarc/subject/171 773 0 $aCornelius : a Lapide
$tCommentaria in omnes Sancti Pauli Epistolas.$dTaurini ; Romae : Marietti a. 1820 condita, 1930-1934.$g1$w()14193 850 $aSeMil 852 $aSeMil$W1$xVenegono$y1$m2VV VII 33$j269121$B49517$CSeMilBibl$Z2$F53190 $81 961 $aRecupero: Seminario di Seveso 996 $6245$aIn Epistolas ad Romanos et 1. ad Corinthios$9(OLS)http://semarc/title/405762